000 00593cam a22001932 4500
001 0000008605
005 20151217145843.0
008 080505s xx 000 0 eng d
020 _a9812530193 :
_cKES
040 _aKABU
_cKABU
100 1 _aBraude, Eric J.
_@0000159252
245 1 0 _aSoftware design :
_bfrom programming to architecture /
_cEric J. Braude.
260 _aHoboken, NJ. :
_bJohn Wiley,
_c2004.
300 _axx, 550 p.
650 0 _aComputer software
_xDevelopment.
_@0000148175
908 _a080505
950 _@1
999 _c3309
_d3309